Incentivising the project performance in the construction of new facilities (Record no. 107140)
[ view plain ]
| 000 -LEADER | |
|---|---|
| fixed length control field | 00910cab a22002055a 4500 |
| 001 - CONTROL NUMBER | |
| control field | L138351 |
| 008 - FIXED-LENGTH DATA ELEMENTS--GENERAL INFORMATION | |
| fixed length control field | 070531s2007 xxk f 000 0 eng d |
| 035 ## - SYSTEM CONTROL NUMBER | |
| System control number | (Sirsi) u138351 |
| 041 0# - LANGUAGE CODE | |
| Language code of text/sound track or separate title | eng |
| 100 1# - MAIN ENTRY--PERSONAL NAME | |
| Personal name | Bryde, David James |
| 245 00 - TITLE STATEMENT | |
| Title | Incentivising the project performance in the construction of new facilities |
| Remainder of title | utilising the earned value-based method |
| 260 ## - PUBLICATION, DISTRIBUTION, ETC. | |
| Date of publication, distribution, etc. | 2007 |
| 490 #0 - SERIES STATEMENT | |
| Series statement | Journal of Facilities Management |
| Volume/sequential designation | 5(2) 2007, 143-149(7) |
| 520 ## - SUMMARY, ETC. | |
| Summary, etc. | Discusses the reporting of project performance for the purpose of encouraging clients and contractors to share risks and values. Discusses the limitations of fixed price, fixed unit price, variable type contracts, the earned value method and co-operative incentivised negotiation budgets. |
| 590 ## - LOCAL NOTE (RLIN) | |
| Local note | KA |
| 651 #4 - SUBJECT ADDED ENTRY--GEOGRAPHIC NAME | |
| Geographic name | United Kingdom |
| Chronological subdivision | |
| 690 ## - LOCAL SUBJECT ADDED ENTRY--TOPICAL TERM (OCLC, RLIN) | |
| Topical term or geographic name as entry element | MANAGEMENT-PROJECT MANAGEMENT-PROJECT APPRAISAL |
| 700 1# - ADDED ENTRY--PERSONAL NAME | |
| Personal name | Joby, Roger |
| 942 ## - ADDED ENTRY ELEMENTS (KOHA) | |
| Suppress in OPAC | 0 |
| Withdrawn status | Lost status | Source of classification or shelving scheme | Damaged status | Not for loan | Home library | Current library | Shelving location | Date acquired | Total Checkouts | Full call number | Barcode | Date last seen | Copy number | Price effective from | Koha item type |
|---|---|---|---|---|---|---|---|---|---|---|---|---|---|---|---|
| Dewey Decimal Classification | London | London | Journal article | 31/05/2007 | L138351 | 138351-1001 | 06/08/2019 | 1 | 06/08/2019 | Journal article |